Normal view
MARC view
- Epic literature, Kazakh
Entry Topical Term
001 - CONTROL NUMBER
- control field: 134002
003 - CONTROL NUMBER IDENTIFIER
- control field: NUST
005 - DATE AND TIME OF LATEST TRANSACTION
- control field: 20260408164429.0
008 - FIXED-LENGTH DATA ELEMENTS
- fixed length control field: 260408|| aca||aabn | a|a d
040 ## - CATALOGING SOURCE
- Original cataloging agency: NUST
- Transcribing agency: NUST
150 ## - HEADING--TOPICAL TERM
- Topical term or geographic name entry element: Epic literature, Kazakh
670 ## - SOURCE DATA FOUND
- Source citation: Work cat.: (NUST): Kumisbaev, Shaken, 134001, Er Targyn = Ер Тар, 2014.
